What's It Stand For? Famous Initials Quiz Stats

 Plays Quiz Updated Mar 1, 2019

Score 0/24 Timer 04:00
2 Plays Today
Hint Answer % Correct
JFK
US Politics
John
99.2%
JFK
US Politics
Kennedy
98.8%
MLK
Civil Rights
Martin
97.8%
MLK
Civil Rights
King (Jr.)
97.7%
MLK
Civil Rights
Luther
97.6%
FDR
US Politics
Roosevelt
90.8%
FDR
US Politics
Franklin
90.8%
FDR
US Politics
Delano
80.1%
YSL
Fashion
Saint
77.5%
JFK
US Politics
Fitzgerald
77%
YSL
Fashion
Yves
75.2%
YSL
Fashion
Laurent
72.6%
Hint Answer % Correct
RBG
Law
Ruth
70.8%
RBG
Law
Ginsburg
69.4%
RBG
Law
Bader
67.7%
JTT
Actor
Thomas
51.3%
JTT
Actor
Taylor
50.9%
AOC
US Politics
Cortez
48.2%
JTT
Actor
Jonathan
47.1%
AOC
US Politics
Alexandria
41.7%
AOC
US Politics
Ocasio-
41.1%
DSK
French Politics
Dominique
15.1%
DSK
French Politics
Strauss-
13.7%
DSK
French Politics
Kahn
13.6%

You're not logged in!

Compare scores with friends on all Sporcle quizzes.
OR
Log In

Sporcle TV

Today on Sporcle TV


Watch our educational content, quiz creation guides, and fun videos on Sporcle TV.

Show Comments

Extras

Top Quizzes Today


Score Distribution

Your Account Isn't Verified!

In order to create a playlist on Sporcle, you need to verify the email address you used during registration. Go to your Sporcle Settings to finish the process.

Report this User

Report this user for behavior that violates our Community Guidelines.

Details: